Child Health Nursing (Pediatric Nursing For GNM) (Record no. 1216402)

MARC details
000 -LEADER
fixed length control field 00373nam a2200145Ia 4500
008 - FIXED-LENGTH DATA ELEMENTS--GENERAL INFORMATION
fixed length control field 260223s2025 xx 000 0 und d
020 ## - INTERNATIONAL STANDARD BOOK NUMBER
International Standard Book Number 9789356966062
041 ## - LANGUAGE CODE
Language code of text/sound track or separate title eng
082 ## - DEWEY DECIMAL CLASSIFICATION NUMBER
Classification number 618.92/DAT
100 ## - MAIN ENTRY--PERSONAL NAME
Personal name Datta Parul
245 ## - TITLE STATEMENT
Title Child Health Nursing (Pediatric Nursing For GNM)
260 ## - PUBLICATION, DISTRIBUTION, ETC.
Place of publication, distribution, etc. New Delhi
Name of publisher, distributor, etc. JAYPEE,Pub
Date of publication, distribution, etc. 2025
300 ## - PHYSICAL DESCRIPTION
Extent 535P
650 ## - SUBJECT ADDED ENTRY--TOPICAL TERM
Topical term or geographic name entry element Pediatric
Holdings
Withdrawn status Lost status Damaged status Not for loan Home library Current library Date acquired Cost, normal purchase price Total Checkouts Full call number Barcode Date due Date last seen Date last checked out Price effective from Koha item type
        College of Nursing, Navi Mumbai College of Nursing, Navi Mumbai 22/01/2026 695.00 1 618.92/DAT NCM-N-4489 25/03/2026 18/03/2026 18/03/2026 23/02/2026 Book